000 01135cam a22003497a 4500
003 CHAP
005 20220817043833.0
008 010926s2000 mx r 00010 spa d
010 _a85701
011 _a86673
020 _a925204566X
035 _a97212
040 _cCHAP
082 0 4 _a338.9
_bF55
110 2 _aFAO
245 1 0 _aProblémes actuels et émergents en matiére d'analyse économique et de recherche de politiques
_c/ed. par Kostas G. Stamoulis
260 _aRome :
_bFAO. Département Economique et Social,
_c2001.
300 _a236 p.
590 _aBATCH-UPD
_b10
_c20130110
_lUCH01
_h0343
590 _aBATCH-UPD
_b10
_c20130410
_lUCH01
_h0016
590 _aBATCH-UPD
_b10
_c20130914
_lUCH01
_h1156
590 _aCONVERSION
_b10
_c20130109
_lUCH01
_h1348
650 0 4 _aDesarrollo rural.
_932067
650 0 4 _aMigración interna
_xAmérica Latina.
_975604
650 0 4 _aPobreza.
_989463
650 0 4 _aPolítica económica.
700 0 _aStamoulis, Kostas G.
_9109426
901 _aBK
905 _aAlejandra Carrasco M.
942 _cLIBRO
949 _a338.9 F55
_bBC
_cFAO
_d33724000864823
_eFAO1
_h102531
_i97212
_sb
999 _c85701
_d85701